000 00391 a2200169 4500
001 73721
020 _a9788525415929
040 _cAnchieta - Colégio São Paulo
100 _aPessoa, Fernando
240 1 0 _aPoemas de Álvaro de Campos
_lpor
245 1 0 _aPoemas de Álvaro de Campos
300 _a331
362 0 _a2006
440 1 _aL&PM
650 4 _aPoesia brasileira
942 _cBK
999 _c73721
_d73721